[Event "Niedersachsen-ch Seniors op 14th"]
[Site "Bad Bevensen"]
[Date "2011.07.12"]
[Round "8"]
[White "Raitza, Egon"]
[Black "Badenstedt, Hans Dieter"]
[Result "1-0"]
[WhiteElo "1700"]
[BlackElo "1738"]
[PlyCount "74"]
[EventDate "2011.07.05"]
[EventType "swiss"]
[EventRounds "9"]
[EventCountry "GER"]
[SourceTitle "EXT 2012"]
[Source "ChessBase"]
[SourceDate "2011.11.24"]
[SourceVersion "1"]
[SourceVersionDate "2011.11.24"]
[SourceQuality "1"]

1. d4 e6 2. Nf3 f5 3. g3 Nf6 4. Bg2 Be7 5. 0-0 0-0 6. c4 d6 7. Nc3 Nbd7 8. Ng5 Nb6 9. b3 c6 10. Qc2 h6 11. Nf3 d5 12. Ne5 dxc4 13. e3 cxb3 14. Qxb3 Kh7 15. Bb2 a5 16. Bxc6 Ra6 17. Bg2 a4 18. Qc2 Nfd7 19. Nd3 Qc7 20. Rac1 Na8 21. Nf4 Qa5 22. d5 a3 23. Ba1 Nc5 24. dxe6 Bxe6 25. Nxe6 Rxe6 26. Nd5 Bd6 27. Nf4 Ree8 28. Rfd1 Bxf4 29. Qxc5 Qxc5 30. Rxc5 Bb8 31. Rd7 Rg8 32. Rxf5 Nc7 33. Rff7 Ne6 34. Bd5 h5 35. Bxe6 Rxe6 36. Rxg7+ Rxg7 37. Rxg7+ Kh6 1-0

[Event "Niedersachsen-ch Seniors op 14th"]
[Site "Bad Bevensen"]
[Date "2011.07.09"]
[Round "5"]
[White "Badenstedt, Hans Dieter"]
[Black "Heinzel, Peter"]
[Result "0-1"]
[WhiteElo "1738"]
[BlackElo "1963"]
[PlyCount "68"]
[EventDate "2011.07.05"]
[EventType "swiss"]
[EventRounds "9"]
[EventCountry "GER"]
[SourceTitle "EXT 2012"]
[Source "ChessBase"]
[SourceDate "2011.11.24"]
[SourceVersion "1"]
[SourceVersionDate "2011.11.24"]
[SourceQuality "1"]

1. e4 b6 2. d4 Bb7 3. Bd3 e6 4. Nf3 c5 5. 0-0 Nf6 6. e5 Nd5 7. c3 Nc7 8. Re1 Nc6 9. Bg5 Be7 10. Bxe7 Qxe7 11. dxc5 Qxc5 12. Nbd2 d5 13. exd6 Qxd6 14. Ne4 Qd7 15. Qc2 0-0-0 16. Rad1 Qe7 17. b4 g5 18. b5 Na5 19. Nd4 Kb8 20. Ng3 Rc8 21. Be4 Nd5 22. Nc6+ Bxc6 23. Bxd5 Bxb5 24. Bf3 Qc7 25. Ne4 Bc6 26. Bh5 f5 27. Nd6 Rcd8 28. Rxe6 Rhf8 29. Qe2 Nb7 30. Re7 Rd7 31. Re8+ Rxe8 32. Nxe8 Rxd1+ 33. Qxd1 Qe7 34. g4 f4 0-1

[Event "Niedersachsen-ch Seniors op 13th"]
[Site "Bad Bevensen"]
[Date "2010.07.12"]
[Round "7"]
[White "Kripp, Wolfgang"]
[Black "Badenstedt, Hans Dieter"]
[Result "0-1"]
[WhiteElo "1967"]
[BlackElo "1780"]
[PlyCount "64"]
[EventDate "2010.07.06"]
[EventType "swiss"]
[EventRounds "9"]
[EventCountry "GER"]
[SourceTitle "EXT 2012"]
[Source "ChessBase"]
[SourceDate "2011.11.24"]
[SourceVersion "1"]
[SourceVersionDate "2011.11.24"]
[SourceQuality "1"]

1. e4 e6 2. d4 d5 3. Nc3 dxe4 4. Nxe4 Bd7 5. Nf3 Bc6 6. Bd3 Nd7 7. Qe2 Bxe4 8. Qxe4 c6 9. 0-0 Ndf6 10. Qe2 Bd6 11. c4 Ne7 12. Bg5 Qd7 13. Rfd1 Ng6 14. g3 Nf8 15. Ne5 Qc7 16. Bxf6 gxf6 17. Ng4 Qe7 18. a3 h5 19. Ne3 h4 20. d5 f5 21. Qf3 hxg3 22. hxg3 cxd5 23. cxd5 0-0-0 24. Rac1+ Kb8 25. Rc4 Ng6 26. Qe2 f4 27. Bxg6 fxe3 28. Be4 exf2+ 29. Kg2 f5 30. Bc2 Qg5 31. Qxf2 f4 32. Ra4 Rh2+ 0-1

[Event "Niedersachsen-ch Seniors op 13th"]
[Site "Bad Bevensen"]
[Date "2010.07.06"]
[Round "1"]
[White "Hartlaub, Marianne"]
[Black "Badenstedt, Hans Dieter"]
[Result "1/2-1/2"]
[WhiteElo "1368"]
[BlackElo "1780"]
[PlyCount "34"]
[EventDate "2010.07.06"]
[EventType "swiss"]
[EventRounds "9"]
[EventCountry "GER"]
[SourceTitle "EXT 2012"]
[Source "ChessBase"]
[SourceDate "2011.11.24"]
[SourceVersion "1"]
[SourceVersionDate "2011.11.24"]
[SourceQuality "1"]

1. c4 e5 2. Nc3 f5 3. e3 Nc6 4. g3 Bc5 5. a3 a5 6. b3 Nf6 7. Bb2 0-0 8. Nge2 d6 9. Bg2 Bd7 10. 0-0 Rb8 11. d4 Ba7 12. Nb5 Bb6 13. dxe5 Nxe5 14. Nbd4 c6 15. Qc2 Ne8 16. Rad1 Qe7 17. Bh3 Nc7 1/2-1/2

[Event "Bad Bevensen Seniors op 12th"]
[Site "Bad Bevensen"]
[Date "2009.07.11"]
[Round "5"]
[White "Badenstedt, Hans Dieter"]
[Black "Smits, Oswald"]
[Result "1/2-1/2"]
[WhiteElo "1771"]
[BlackElo "1685"]
[PlyCount "92"]
[EventDate "2009.07.07"]
[EventType "swiss"]
[EventRounds "9"]
[EventCountry "GER"]
[SourceTitle "EXT 2022"]
[Source "ChessBase"]
[SourceDate "2021.10.06"]
[SourceVersion "1"]
[SourceVersionDate "2021.10.06"]
[SourceQuality "1"]

1. e4 c5 2. Ne2 e6 3. Nbc3 Nc6 4. g3 Nf6 5. Bg2 a6 6. 0-0 Be7 7. d4 cxd4 8. Nxd4 0-0 9. Be3 Qc7 10. a3 d6 11. Qe2 Ne5 12. Rad1 Nc4 13. Bc1 Nxa3 14. bxa3 Qxc3 15. Rd3 Qc7 16. Rfd1 Bd7 17. Bd2 Rac8 18. Bb4 g6 19. e5 Ne8 20. Nxe6 Bxe6 21. exd6 Bxd6 22. Bxd6 Nxd6 23. Rxd6 Rfe8 24. Qd2 Bg4 25. f3 Bf5 26. c3 Qc5+ 27. Qd4 Qxc3 28. Qxc3 Rxc3 29. Rd8 Rc8 30. Rxe8+ Rxe8 31. Rd6 Re1+ 32. Kf2 Ra1 33. Rb6 Rb1 34. Rxb1 Bxb1 35. Ke3 Bf5 36. f4 Bc8 37. Kd4 b6 38. Ke5 b5 39. Kd6 a5 40. Kc5 Bd7 41. Bb7 Kg7 42. Ba6 b4 43. axb4 axb4 44. Kxb4 Kf6 45. Bd3 Bf5 46. Bc4 Be6 1/2-1/2

[Event "Niedersachsen-ch Seniors op 10th"]
[Site "Bad Bevensen"]
[Date "2007.07.11"]
[Round "9"]
[White "Badenstedt, Hans Dieter"]
[Black "Jantzen, Ludwig"]
[Result "1/2-1/2"]
[WhiteElo "1785"]
[BlackElo "1555"]
[PlyCount "31"]
[EventDate "2007.07.03"]
[EventType "swiss"]
[EventRounds "9"]
[EventCountry "GER"]
[SourceTitle "EXT 2022"]
[Source "ChessBase"]
[SourceDate "2021.10.06"]
[SourceVersion "1"]
[SourceVersionDate "2021.10.06"]
[SourceQuality "1"]

1. e4 c6 2. d4 d5 3. exd5 cxd5 4. Bd3 Nc6 5. c3 Nf6 6. Nf3 Bg4 7. Bf4 e6 8. Nbd2 Be7 9. Qb3 Qc7 10. Ne5 Nxe5 11. dxe5 Nd7 12. a4 0-0 13. a5 Nc5 14. Qc2 Nxd3+ 15. Qxd3 Bf5 16. Qf3 1/2-1/2

[Event "Niedersachsen-ch Seniors op 09th"]
[Site "Bad Bevensen"]
[Date "2006.06.28"]
[Round "5"]
[White "Badenstedt, Hans Dieter"]
[Black "Mentel, Juergen"]
[Result "1-0"]
[WhiteElo "1792"]
[BlackElo "1899"]
[PlyCount "81"]
[EventDate "2006.06.24"]
[EventType "swiss"]
[EventRounds "9"]
[EventCountry "GER"]
[SourceTitle "EXT 2022"]
[Source "ChessBase"]
[SourceDate "2021.10.06"]
[SourceVersion "1"]
[SourceVersionDate "2021.10.06"]
[SourceQuality "1"]

1. e4 c5 2. Nc3 e6 3. Nf3 a6 4. d4 cxd4 5. Nxd4 Qc7 6. g3 Bb4 7. Bd2 Nf6 8. Bg2 Nc6 9. Nde2 b6 10. Bf4 e5 11. Bg5 Ne7 12. Bxf6 gxf6 13. a3 Bc5 14. b4 Bd4 15. Qd3 Bxc3+ 16. Nxc3 Bb7 17. Nd5 Bxd5 18. exd5 d6 19. c4 f5 20. 0-0 0-0 21. Rac1 Rad8 22. Rfd1 Qd7 23. Bh3 b5 24. c5 f6 25. c6 Qc8 26. Kh1 Kh8 27. Rg1 Rg8 28. Qf3 Rg5 29. Rcd1 Qc7 30. Qe3 Nc8 31. f4 Rh5 32. g4 exf4 33. Qf3 fxg4 34. Bxg4 Rg5 35. Qxf4 Qe7 36. Be6 Nb6 37. Rxg5 fxg5 38. Qd4+ Qg7 39. Qxb6 Rf8 40. Qe3 Qb2 41. c7 1-0

[Event "Niedersachsen-ch Seniors op 09th"]
[Site "Bad Bevensen"]
[Date "2006.06.24"]
[Round "1"]
[White "Badenstedt, Hans Dieter"]
[Black "Raedeker, Bernd"]
[Result "1/2-1/2"]
[WhiteElo "1792"]
[BlackElo "2155"]
[PlyCount "57"]
[EventDate "2006.06.24"]
[EventType "swiss"]
[EventRounds "9"]
[EventCountry "GER"]
[SourceTitle "EXT 2022"]
[Source "ChessBase"]
[SourceDate "2021.10.06"]
[SourceVersion "1"]
[SourceVersionDate "2021.10.06"]
[SourceQuality "1"]

1. e4 e6 2. d4 d5 3. exd5 exd5 4. Bd3 Nc6 5. c3 Bd6 6. Ne2 Qh4 7. Nd2 Bg4 8. Nf1 0-0-0 9. Ne3 Nge7 10. g3 Qh5 11. Nxg4 Qxg4 12. Nf4 Qd7 13. Qf3 Rde8 14. Be3 Bxf4 15. Qxf4 f6 16. h4 Kb8 17. 0-0-0 Nc8 18. Bf5 Qd8 19. Bxc8 Qxc8 20. f3 Na5 21. b3 g5 22. hxg5 fxg5 23. Qxg5 Rhg8 24. Qxd5 Nxb3+ 25. axb3 Rxe3 26. Kd2 Re7 27. g4 Rd7 28. Qf5 Rf8 29. Qe4 1/2-1/2

[Event "Hessen-ch Seniors"]
[Site "Bruchkoebel"]
[Date "2002.03.30"]
[Round "9"]
[White "Birkmeyer, Gerd"]
[Black "Badenstedt, Hans Dieter"]
[Result "1-0"]
[WhiteElo "1643"]
[BlackElo "1721"]
[PlyCount "63"]
[EventDate "2002.03.22"]
[EventType "swiss"]
[EventRounds "9"]
[EventCountry "GER"]
[SourceTitle "EXT 2003"]
[Source "ChessBase"]
[SourceDate "2002.11.25"]
[SourceVersion "1"]
[SourceVersionDate "2002.11.25"]
[SourceQuality "1"]

1. e4 e6 2. Qe2 Nc6 3. Nf3 e5 4. g3 Bc5 5. Bg2 d6 6. c3 Nge7 7. d3 Bg4 8. Be3 Bb6 9. Bxb6 axb6 10. Qe3 0-0 11. 0-0 Qd7 12. Nfd2 Bh3 13. f4 Bxg2 14. Kxg2 f5 15. d4 exf4 16. gxf4 fxe4 17. Qxe4 Rae8 18. Na3 Nf5 19. Qd5+ Kh8 20. Nc2 Nce7 21. Qc4 Ng6 22. d5 Re3 23. Rae1 b5 24. Qb4 Nfh4+ 25. Kh1 Rxe1 26. Nxe1 Re8 27. Qd4 Qg4 28. Ndf3 Re2 29. Rf2 Nxf3 30. Rxe2 Nge5 31. Qf2 Qxf4 32. Qxf3 1-0